|
|
|
|
| LEADER |
00000nam0a2200000 4500 |
| 001 |
78184 |
| 005 |
20231031093736.0 |
| 010 |
|
|
|a 5983400223
|
| 035 |
|
|
|a (RuTPU)RU\TPU\book\83797
|
| 090 |
|
|
|a 78184
|
| 100 |
|
|
|a 20050614d2004 k y0rusy5002 ca
|
| 101 |
0 |
|
|a rus
|
| 102 |
|
|
|a RU
|
| 105 |
|
|
|a a z 001zy
|
| 200 |
1 |
|
|a Нелинейная упругость ( теория и приложения )
|f К. Ф. Черных
|
| 210 |
|
|
|a СПб.
|c Соло
|d 2004
|
| 215 |
|
|
|a 419 с.
|c ил.
|
| 320 |
|
|
|a Библиогр.: с. 392-419
|
| 330 |
|
|
|a В книге излагается предельно простая (но без потери общности) авторская версия нелинейной теории упругости. Использование новых граничных условий и законов упругости дало возможность получать точные решения краевых двумерных задач (плоская задача, антиплоская деформация, осесимметричная деформация тел вращения, тонкие пластины). Основное внимание уделено актуальным сингулярным проблемам механики и физики твердого тела (теория трещин, дислокации, физическая мезомеханика и сосредоточенные воздействия). Предложенный автором элементарный метод расчленения граничных условий и условий сопряжения позволил снабдить книгу большим числом решенных актуальных задач нелинейной механики и физики твердого тела. Введены разрешающие статические и дисторсионные функции, удовлетворяющие компактной разрешающей системе координат. Выявлены статически и дисторсионно разрешимые задачи, пригодные для произвольного материала.
|
| 610 |
1 |
|
|a физика
|
| 610 |
1 |
|
|a упругость
|
| 610 |
1 |
|
|a теория
|
| 610 |
1 |
|
|a нелинейная упругость
|
| 610 |
1 |
|
|a плоскость
|
| 610 |
1 |
|
|a нелинейные плоские задачи
|
| 610 |
1 |
|
|a линейные плоские задачи
|
| 610 |
1 |
|
|a деформация
|
| 610 |
1 |
|
|a анизотропная теория
|
| 610 |
1 |
|
|a дислокация
|
| 610 |
1 |
|
|a трещины
|
| 610 |
1 |
|
|a линейная теория
|
| 610 |
1 |
|
|a нелинейная теория
|
| 610 |
1 |
|
|a сопряжение
|
| 675 |
|
|
|a 539.3
|v 3
|z rus
|
| 700 |
|
1 |
|a Черных
|b К.Ф.
|g Климентий Феодосьевич
|4 070
|
| 801 |
|
0 |
|a RU
|b RKP
|c 20050511
|g PSBO
|
| 801 |
|
1 |
|a RU
|b 63413507
|c 20050614
|g PSBO
|
| 801 |
|
2 |
|a RU
|b 63413507
|c 20191105
|g PSBO
|
| 942 |
|
|
|c BK
|